Strategic ambiguities (Record no. 481315)

MARC details
000 -LEADER
fixed length control field 01462cam a2200337 a 4500
001 - CONTROL NUMBER
control field EDZ0000085056
003 - CONTROL NUMBER IDENTIFIER
control field StDuBDS
005 - DATE AND TIME OF LATEST TRANSACTION
control field 20161031105205.0
006 - FIXED-LENGTH DATA ELEMENTS--ADDITIONAL MATERIAL CHARACTERISTICS--GENERAL INFORMATION
fixed length control field m||||||||d||||||||
007 - PHYSICAL DESCRIPTION FIXED FIELD--GENERAL INFORMATION
fixed length control field cr |||||||||||
008 - FIXED-LENGTH DATA ELEMENTS--GENERAL INFORMATION
fixed length control field 120516s2007 caua fo| 001|0|eng|d
020 ## - INTERNATIONAL STANDARD BOOK NUMBER
International Standard Book Number 9781452225937 (ebook) :
Terms of availability No price
040 ## - CATALOGING SOURCE
Original cataloging agency StDuBDS
Language of cataloging eng
Transcribing agency StDuBDS
Description conventions pn
049 ## - LOCAL HOLDINGS (OCLC)
Holding library Alfaisal Main Library
050 #0 - LIBRARY OF CONGRESS CALL NUMBER
Classification number HD30.3
Item number .E38 2007
082 04 - DEWEY DECIMAL CLASSIFICATION NUMBER
Classification number 658.45
Edition number 23
100 1# - MAIN ENTRY--PERSONAL NAME
Personal name Eisenberg, Eric M.
245 10 - TITLE STATEMENT
Title Strategic ambiguities
Medium [electronic resource] :
Remainder of title essays on communication, organization, and identity /
Statement of responsibility, etc Eric M. Eisenberg.
260 ## - PUBLICATION, DISTRIBUTION, ETC. (IMPRINT)
Place of publication, distribution, etc Thousand Oaks, [Calif.] ;
-- London :
Name of publisher, distributor, etc SAGE,
Date of publication, distribution, etc c2007.
300 ## - PHYSICAL DESCRIPTION
Extent 1 online resource (xii, 311 p.) :
Other physical details ill.
520 8# - SUMMARY, ETC.
Summary, etc This collection of Eisenberg's most significant essays provides a coherent example of a set of important ideas in organisational communication, pertaining in particular to the importance of language and interpretation in the social construction of organisational life.
521 ## - TARGET AUDIENCE NOTE
Target audience note Specialized.
588 ## -
-- Description based on print version record.
504 ## - BIBLIOGRAPHY, ETC. NOTE
Bibliography, etc Includes bibliographical references and index.
650 #0 - SUBJECT ADDED ENTRY--TOPICAL TERM
Topical term or geographic name as entry element Communication in organizations.
655 #7 - INDEX TERM--GENRE/FORM
Genre/form data or focus term Electronic books.
Source of term local
710 2# - ADDED ENTRY--CORPORATE NAME
Corporate name or jurisdiction name as entry element Sage eBooks
776 08 - ADDITIONAL PHYSICAL FORM ENTRY
Display text Print version :
International Standard Book Number 9781412926881
856 40 - ELECTRONIC LOCATION AND ACCESS
Uniform Resource Identifier <a href="http://ezproxy.alfaisal.edu/login?url=http://sk.sagepub.com/books/strategic-ambiguities">http://ezproxy.alfaisal.edu/login?url=http://sk.sagepub.com/books/strategic-ambiguities</a>
942 ## - ADDED ENTRY ELEMENTS (KOHA)
Source of classification or shelving scheme Library of Congress Classification
Koha item type eBooks

No items available.

Copyright © 2020 Alfaisal University Library. All Rights Reserved.
Tel: +966 11 2158948 Fax: +966 11 2157910 Email:
librarian@alfaisal.edu